Suomen maisemamaakunnat - Statistics

Yleistilastot
  • Tätä visaa on pelattu 38 kertaa
  • Keskiarvotulos 8 / 10
Vastaukset kartalla
Vastauksille on annettu kartalla punavihreä väri sen mukaan, kuinka moni on saanut sen oikein.
 
Vastaustilastot
Vastaus % Oikein
Peräpohjolan-Lappi
92%
Pohjanmaa
88%
Itäinen Järvi-Suomi
84%
Kainuun ja Kuusamon vaaramaa
84%
Vaara-Karjala
80%
Eteläinen rantamaa
76%
Hämeen viljely- ja järvimaa
76%
Lounaismaa
72%
Oulujärven seutu
72%
Suomenselkä
64%
Ehtoja vastaavia visoja ei löytynyt
Tulosjakauma
Jokaisen tuloksen saaneiden osuus
Persentiili vastausten määrän mukaan
Tuloshistoriasi
Et ole pelannut tätä visaa